书目信息 |
| 题名: |
工业学大庆
|
|
| 作者: | 易萱 词 ;秋里 曲 | |
| 分册: | ||
| 出版信息: | 北京 人民音乐出版社 1978.04 |
|
| 页数: | 3页 | |
| 开本: | 26cm | |
| 丛书名: | ||
| 单 册: | ||
| 中图分类: | J642.51 | |
| 科图分类: | ||
| 主题词: | 音乐--作品--中国 | |
| 电子资源: | ||
| ISBN: | ||
| 000 | 00617nam0 2200229 45 | |
| 001 | 0310271598 | |
| 005 | 20060529160650.03 | |
| 010 | @dCNY0.09 | |
| 091 | @a3026.3377 | |
| 100 | @a20031027d1978 km y0chiy0120 ea | |
| 101 | 0 | @achi |
| 105 | @ag z 000yy | |
| 200 | 1 | @a工业学大庆@AGong Ye Xue Da Qing@f易萱词@FYi Xuan Ci@g秋里曲 |
| 210 | @a北京@c人民音乐出版社@d1978.04 | |
| 215 | @a3页@d26cm | |
| 300 | @a齐唱 钢琴伴奏 | |
| 606 | 0 | @a音乐@x作品@x中国 |
| 690 | @aJ642.51@v3 | |
| 701 | 0 | @a易萱@4词 |
| 702 | 0 | @a秋里@AQiu Li@4曲 |
| 801 | @aCN@bTSTC@c20060529 | |
| 905 | @dJ642.51@e12@f2@b2277-278@f2@b2272-273 | |
| 工业学大庆/易萱词/秋里曲.-北京:人民音乐出版社,1978.04 |
| 3页;26cm |
| 齐唱 钢琴伴奏 |
| ISBN :CNY0.09 |
| ● |
| 相关链接 |
|
|
|
|
正题名:工业学大庆
索取号:J642.51/12
 
预约/预借
| 序号 | 登录号 | 条形码 | 馆藏地/架位号 | 状态 | 备注 |
| 1 | 0002272 | 001722960 | 密集书库/ [索取号:J642.51/12] | 在馆 | |
| 2 | 0002273 | 001722951 | 密集书库/ [索取号:J642.51/12] | 在馆 | |
| 3 | 0002274 | 001722835 | 密集书库/ [索取号:J642.51/12] | 在馆 | |
| 4 | 0002275 | 001723291 | 密集书库/ [索取号:J642.51/12] | 在馆 | |
| 5 | 0002276 | 001722871 | 密集书库/ [索取号:J642.51/12] | 在馆 | |
| 6 | 0002277 | 001722915 | 密集书库/ [索取号:J642.51/12] | 在馆 | |
| 7 | 0002278 | 001722924 | 密集书库/ [索取号:J642.51/12] | 在馆 | |
| 8 | 0002279 | 202388674 | 密集书库/ [索取号:J642.51/12] | 在馆 | |
| 9 | 0002280 | 202388549 | 密集书库/ [索取号:J642.51/12] | 在馆 | |
| 10 | 0002281 | 202388558 | 密集书库/ [索取号:J642.51/12] | 在馆 | |
| 11 | 0002282 | 202388585 | 密集书库/ [索取号:J642.51/12] | 在馆 |